| 000 | 00463nam a22001577a 4500 | ||
|---|---|---|---|
| 005 | 20180809125432.0 | ||
| 020 |
_a0195647343 _c225.00 |
||
| 035 | _aA-948972, A-948970, A-948976 | ||
| 037 |
_aDPL _bENG |
||
| 100 | _aSen, Amartya | ||
| 245 |
_aOn economic inequality / _cby Amartya Sen |
||
| 260 |
_aNew Delhi _bOxford University Press _c1999 |
||
| 300 |
_axii, 260p. _c20 cms. |
||
| 700 |
_aFoster, James E. _945222 |
||
| 942 |
_2ddc _cEN _h305 _mSEN |
||
| 999 |
_c65119 _d65119 |
||